DOS RV V3 exekutiva

Bibliographic Details
Corporate Author: Výskumný ústav výpočtovej techniky (Žilina, Slovensko) (Author)
Format: Book
Language:Czech
PhysicalDescription:292 s. 30 cm
Published: Ostrava Kancelářské stroje 1985
Subjects:

MARC

LEADER 00000nam a2200000 a 4500
001 vtls001323605
003 SK-MaSNL
005 20260302070412.0
008 251124s1985 xr j y 0 cze
035 |a SNK000276301 
040 |a SNK  |b slo  |c SNK  |e AACR2 
041 0 |a cze 
044 |a xr  |c CZ 
080 |a 681.3.066 DOS RV V3  |2 1981 
110 0 |a Výskumný ústav výpočtovej techniky (Žilina, Slovensko)  |4 aut  |9 33961 
245 1 |a DOS RV V3  |b exekutiva  |c [autor: VÚVT] 
260 |a Ostrava  |b Kancelářské stroje  |c 1985 
300 |a 292 s.  |c 30 cm 
500 |a Na obale: SMEP 2S320041 
650 0 7 |a DOS RV V3 (systém operačný)  |x príručky  |2 SNK  |9 286793 
650 0 7 |a systémy operačné DOS RV V3  |x príručky  |2 SNK  |9 286794 
958 |a OND 
999 |c 1147073  |d 1149003 
952 |t P60, <03>, [BOOK], {604}  |a SNK  |b SNK  |y PREZ  |7 0  |p 17A0125758  |o snkSB 58394  |i snkD 733/98  |0 0  |1 0  |4 0  |d 1998-03-06  |f 1  |l 0  |r 2025-04-09 00:00:00  |w 2026-02-24